Synonymes de haine - Statistiques

Statistiques générales
  • Ce quiz a été pris 100 fois
  • Le résultat moyen est 5 sur 41
Statistiques - réponses
Synonymes % Correct
colère
66%
dégoût
51%
détestation
42%
aversion
24%
rancoeur
20%
horreur
19%
jalousie
14%
phobie
13%
racisme
13%
animosité
12%
fureur
12%
répulsion
12%
antipathie
11%
exécration
11%
intolérance
11%
répugnance
11%
hostilité
10%
inimitié
9%
venin
9%
rancune
8%
vengeance
8%
abomination
6%
folie
6%
aigreur
5%
malveillance
5%
misanthropie
5%
cruauté
4%
éloignement
4%
fiel
4%
misogynie
4%
acharnement
3%
acrimonie
3%
antagonisme
3%
exaspération
3%
fanatisme
3%
férocité
3%
malignité
3%
persécution
3%
animadversion
2%
dissenssion
2%
querelle
2%
Aucun quiz correspondant
Distribution des résultats
% des personnes avec chaque résultat
Percentile par nombre de réponses
Votre historique - résultats
Vous n’avez pas pris ce quiz